Budova/nie/ identity

Bibliographic Details
Main Author: Komanická, Ivana, 1973- (Author)
Format: Article
Language:Slovak
Subjects:

MARC

LEADER 00000nab a2200000 a 4500
001 vtls000887340
003 SK-MaSNL
005 20260303183004.0
008 180206c2004 xo 0 slo
015 |a SNBRB2004/10-29352 
035 |a CLN000238775 
040 |a SNKBUCL  |b slo  |c SNKBUCL  |e AACR2 
041 0 |a slo 
044 |a xo  |c SK 
080 |a 725.24(437.6)  |2 UDC-MRF-SK2 
100 1 |a Komanická, Ivana,  |d 1973-  |4 aut  |9 182074 
245 1 0 |a Budova/nie/ identity  |c Ivana Komanická 
300 |b Fotogr., obr. 
500 |a Architekti: Ľubomír Závodný, Peter Vodrážka, Georg Bliznakov, Matej Siebert 
610 2 7 |a Národná banka Slovenska.  |b Expozitúra Lučenec  |2 snkbucl  |9 1211659 
650 0 7 |a architektúra  |2 snkbucl  |9 722 
655 7 |a články z novín a časopisov  |2 snkbucl  |9 267496 
773 0 |x 1335-3268  |t ARCH  |g Roč. 9, č. 9 (2004), s. 22-27 
850 |a Slovenská národná knižnica v Martine 
852 |a SNK  |b KIS3GCP 
958 |a RBX 
999 |c 2118932  |d 2120862